Porovnania odhadov v modeli rastových kriviek

Model rastových kriviek je užitočným štatistickým modelom pre mnohé oblasti. Analýza rovnomernej variančnej štruktúry a rôzne metódy na odhadovanie neznámych parametrov. Niektoré vlastnosti týchto odhadov. Porovnanie jednotlivých metód za pomoci MSE.

Guardado en:
Detalles Bibliográficos
Autor principal: Kopčová, Veronika
Formato: Capítulo de libro
Lenguaje:eslovaco
Materias:
Etiquetas: Agregar Etiqueta
Sin Etiquetas, Sea el primero en etiquetar este registro!

MARC

LEADER 00000naa a2200000 4500
001 0210255
005 20220715093832.5
041 0 |a slo 
044 |a SK 
245 1 0 |a Porovnania odhadov v modeli rastových kriviek  |c Veronika Kopčová 
520 |a Model rastových kriviek je užitočným štatistickým modelom pre mnohé oblasti. Analýza rovnomernej variančnej štruktúry a rôzne metódy na odhadovanie neznámych parametrov. Niektoré vlastnosti týchto odhadov. Porovnanie jednotlivých metód za pomoci MSE. 
610 2 0 |a analýza komparatívna 
610 2 0 |a modely ekonomicko-matematické 
610 2 0 |a odhady 
610 2 0 |a metódy štatistické 
610 2 0 |a metóda štvorcov najmenších 
100 1 |a Kopčová, Veronika